| 000 | 01398nam a2200373 i 4500 | ||
|---|---|---|---|
| 001 | 195906 | ||
| 003 | ES-MaACL | ||
| 005 | 20251005063143.0 | ||
| 008 | 240802e201701 spc ||| |||| 0|0 0 spa|d | ||
| 017 |
_aDL B 23388-2016, _bBiblioteca de Catalunya |
||
| 020 | _a9788416820658 | ||
| 035 | _aRebiun19300533 | ||
| 040 |
_aES-BaBC _bcat _erda _cES-BaBC |
||
| 080 |
_a615.851.1 _22004 |
||
| 080 |
_a616.3-084/-085 _22004 |
||
| 100 |
_aPaz, Montse de, _d1970- _9237682 |
||
| 245 | 1 | 0 |
_aDigerir la vida : _bmejora tu digestión bocado a bocado / _cMontse de Paz. |
| 250 | _aPrimera edición en esta colección: enero de 2017 | ||
| 264 | 1 |
_aBarcelona : _bPlataforma Editorial, _cenero de 2017. |
|
| 300 |
_a347 pág. ; _c22 cm |
||
| 336 |
_aText _btxt _2rdacontent |
||
| 337 |
_asin medicación _bn _2rdamedia |
||
| 338 |
_avolumen _bnc _2rdacarrier |
||
| 490 | 1 | _aPlataforma actual | |
| 504 | _aBibliografia | ||
| 650 | 7 |
_aSalud mental _2embne _916972 |
|
| 650 | 4 |
_aAparato digestivo- _xEnfermedades _2lemac _99906 |
|
| 830 |
_9192007 _aPlataforma actual |
||
| 852 |
_aES-MaACL _bR. 151853 _cDEPOJ _jN-9025 _hDonación: Editorial _xEncuadrnación: Rústica con solapas _9204878 |
||
| 942 |
_cMONOGRAFIA _n0 |
||
| 954 | _iTatiana Alejandra de Castro Pérez | ||
| 999 |
_c195906 _d195906 |
||